<?xml version="1.0" encoding="UTF-8"?>
<record
    xmlns:xsi="http://www.w3.org/2001/XMLSchema-instance"
    xsi:schemaLocation="http://www.loc.gov/MARC21/slim http://www.loc.gov/standards/marcxml/schema/MARC21slim.xsd"
    xmlns="http://www.loc.gov/MARC21/slim">

  <leader>00595nam a2200205I  4500</leader>
  <datafield tag="999" ind1=" " ind2=" ">
    <subfield code="c">79526</subfield>
    <subfield code="d">316803</subfield>
  </datafield>
  <controlfield tag="003">OSt</controlfield>
  <controlfield tag="005">20210307100056.0</controlfield>
  <controlfield tag="008">750603|    2013ii           |||||||eng c</controlfield>
  <datafield tag="020" ind1=" " ind2=" ">
    <subfield code="a">9789350842904</subfield>
  </datafield>
  <datafield tag="040" ind1=" " ind2=" ">
    <subfield code="a">Ma-Un</subfield>
    <subfield code="c">CIN </subfield>
    <subfield code="d">CIN</subfield>
    <subfield code="b">eng</subfield>
  </datafield>
  <datafield tag="050" ind1=" " ind2=" ">
    <subfield code="a">QK95</subfield>
    <subfield code="b">.C6</subfield>
  </datafield>
  <datafield tag="082" ind1=" " ind2=" ">
    <subfield code="a">580.12</subfield>
    <subfield code="2">21</subfield>
    <subfield code="b">SST</subfield>
  </datafield>
  <datafield tag="100" ind1=" " ind2=" ">
    <subfield code="a">Sinha, S. K.</subfield>
    <subfield code="9">88729</subfield>
  </datafield>
  <datafield tag="245" ind1="1" ind2="0">
    <subfield code="a">A Textbook of Plant taxonomy /</subfield>
    <subfield code="c">S. K. Sinha.</subfield>
  </datafield>
  <datafield tag="260" ind1="0" ind2=" ">
    <subfield code="a">New Delhi :</subfield>
    <subfield code="c">Centrum Press :</subfield>
    <subfield code="c">2013</subfield>
  </datafield>
  <datafield tag="300" ind1=" " ind2=" ">
    <subfield code="a">xiv, 296 p.</subfield>
    <subfield code="b">illus.</subfield>
    <subfield code="c">24 cm</subfield>
  </datafield>
  <datafield tag="504" ind1=" " ind2=" ">
    <subfield code="a">Includes bibliographical references</subfield>
  </datafield>
  <datafield tag="650" ind1=" " ind2="0">
    <subfield code="a">Botany</subfield>
    <subfield code="x">Classification</subfield>
    <subfield code="9">65015</subfield>
  </datafield>
  <datafield tag="942" ind1=" " ind2=" ">
    <subfield code="c">BOOK</subfield>
    <subfield code="2">ddc</subfield>
  </datafield>
  <datafield tag="952" ind1=" " ind2=" ">
    <subfield code="1">0</subfield>
    <subfield code="2">2021-03-07</subfield>
    <subfield code="4">0</subfield>
    <subfield code="7">0</subfield>
    <subfield code="a">580.12 SST</subfield>
    <subfield code="d">2021-03-07</subfield>
    <subfield code="h">CL</subfield>
    <subfield code="i">00168021</subfield>
    <subfield code="m">CL</subfield>
    <subfield code="r">2021-03-07 00:00:00</subfield>
    <subfield code="t">BOOK</subfield>
    <subfield code="w">ddc</subfield>
    <subfield code="y">0</subfield>
  </datafield>
  <datafield tag="952" ind1=" " ind2=" ">
    <subfield code="1">0</subfield>
    <subfield code="2">2021-03-07</subfield>
    <subfield code="4">0</subfield>
    <subfield code="7">0</subfield>
    <subfield code="a">580.12 SST</subfield>
    <subfield code="d">2021-03-07</subfield>
    <subfield code="h">CL</subfield>
    <subfield code="i">00168022</subfield>
    <subfield code="m">CL</subfield>
    <subfield code="r">2021-03-07 00:00:00</subfield>
    <subfield code="t">BOOK</subfield>
    <subfield code="w">ddc</subfield>
    <subfield code="y">0</subfield>
  </datafield>
  <datafield tag="952" ind1=" " ind2=" ">
    <subfield code="1">0</subfield>
    <subfield code="2">2021-03-07</subfield>
    <subfield code="4">0</subfield>
    <subfield code="7">0</subfield>
    <subfield code="a">580.12 SST</subfield>
    <subfield code="d">2021-03-07</subfield>
    <subfield code="h">CL</subfield>
    <subfield code="i">00168023</subfield>
    <subfield code="m">CL</subfield>
    <subfield code="r">2021-03-07 00:00:00</subfield>
    <subfield code="t">BOOK</subfield>
    <subfield code="w">ddc</subfield>
    <subfield code="y">0</subfield>
  </datafield>
  <datafield tag="952" ind1=" " ind2=" ">
    <subfield code="1">0</subfield>
    <subfield code="2">2021-03-07</subfield>
    <subfield code="4">0</subfield>
    <subfield code="7">0</subfield>
    <subfield code="a">580.12 SST</subfield>
    <subfield code="d">2021-03-07</subfield>
    <subfield code="h">SZM</subfield>
    <subfield code="i">00168066</subfield>
    <subfield code="m">SZM</subfield>
    <subfield code="r">2021-03-07 00:00:00</subfield>
    <subfield code="t">BOOK</subfield>
    <subfield code="w">ddc</subfield>
    <subfield code="y">0</subfield>
  </datafield>
  <datafield tag="952" ind1=" " ind2=" ">
    <subfield code="1">0</subfield>
    <subfield code="2">2021-03-07</subfield>
    <subfield code="4">0</subfield>
    <subfield code="7">0</subfield>
    <subfield code="a">580.12 SST</subfield>
    <subfield code="d">2021-03-07</subfield>
    <subfield code="h">SZM</subfield>
    <subfield code="i">00168067</subfield>
    <subfield code="m">SZM</subfield>
    <subfield code="r">2021-03-07 00:00:00</subfield>
    <subfield code="t">BOOK</subfield>
    <subfield code="w">ddc</subfield>
    <subfield code="y">0</subfield>
  </datafield>
  <datafield tag="952" ind1=" " ind2=" ">
    <subfield code="1">0</subfield>
    <subfield code="2">2021-03-07</subfield>
    <subfield code="4">0</subfield>
    <subfield code="7">0</subfield>
    <subfield code="a">580.12 SST</subfield>
    <subfield code="d">2021-03-07</subfield>
    <subfield code="h">SHF</subfield>
    <subfield code="i">00168068</subfield>
    <subfield code="m">SHF</subfield>
    <subfield code="r">2021-03-07 00:00:00</subfield>
    <subfield code="t">BOOK</subfield>
    <subfield code="w">ddc</subfield>
    <subfield code="y">0</subfield>
  </datafield>
  <datafield tag="952" ind1=" " ind2=" ">
    <subfield code="1">0</subfield>
    <subfield code="2">2021-03-07</subfield>
    <subfield code="4">0</subfield>
    <subfield code="7">0</subfield>
    <subfield code="a">580.12 SST</subfield>
    <subfield code="d">2021-03-07</subfield>
    <subfield code="h">SHF</subfield>
    <subfield code="i">00168069</subfield>
    <subfield code="m">SHF</subfield>
    <subfield code="r">2021-03-07 00:00:00</subfield>
    <subfield code="t">BOOK</subfield>
    <subfield code="w">ddc</subfield>
    <subfield code="y">0</subfield>
  </datafield>
</record>
